Defensor pacis

Αποθηκεύτηκε σε:
Λεπτομέρειες βιβλιογραφικής εγγραφής
Συγγραφή απο Οργανισμό/Αρχή: Ινστιτούτο Αμυντικών Αναλύσεων (Ελλάδα)
Μορφή: Περιοδική έκδοση
Γλώσσα:English
Δημοσίευση: Athens, Greece : The Institute, 1999-
Θέματα:
Ετικέτες: Προσθήκη ετικέτας
Δεν υπάρχουν, Καταχωρήστε ετικέτα πρώτοι!

MARC

LEADER 00000nas a2200000 i 4500
001 1/98840
008 081204c19999999gr eng d
022 |a 1108359X 
035 |l 10102236 
040 |a GR-MY-UA  |b gre  |e aacr 
041 0 |a eng 
082 0 |a 327.17  |2 (22) 
110 2 |a Ινστιτούτο Αμυντικών Αναλύσεων (Ελλάδα) 
245 1 0 |a Defensor pacis  |h [περιοδικό] /  |c Defense Analyses Institute 
246 3 3 |a Defense Analyses Institute quarterly review 
260 |a Athens, Greece :   |b The Institute,   |c 1999- 
300 |a τ.;  |c 24εκ. 
310 |a Τριμηνιαίο, Jan. 1999- 
650 0 0 |a National security  |y 21st century  |x Periodicals. 
650 0 0 |a International relations  |y 21st century  |x Periodicals. 
650 0 0 |a Security, International  |y 21st century  |x Periodicals. 
650 0 0 |a World politics  |y 21st century  |x Periodicals. 
650 0 0 |a Peaceful change (International relations)  |y 21st century  |x Periodicals. 
901 |a BIBL4-2008-3 
970 |a ΚΟΖΑ  |b ΜΑΡΙΑ  |z 2008/12/04